Los rostros de Jano: marxismo y fascismo en el siglo XX

Guardat en:
Dades bibliogràfiques
Autor principal: Gregor, Anthony James (Autor)
Format: Llibre
Idioma:espanyol
Publicat: Madrid Biblioteca Nueva, Universitat de València 2002
Edició:1a. ed
Col·lecció:Colección Historia, Biblioteca Nueva-Universitat de Valencia, 18
Matèries:
Etiquetes: Afegir etiqueta
Sense etiquetes, Sigues el primer a etiquetar aquest registre!

MARC

LEADER 00000nam a2200000 a 4500
001 UCJ9931
003 CL-VaPUC
008 070413e20020000SP |||||||||||||||||spa|d
020 |a 8470309714 
082 0 4 |a 335.001  |b JAM  |2 21 
100 |a Gregor, Anthony James  |e author  |9 520000 
245 1 4 |a Los rostros de Jano: marxismo y fascismo en el siglo XX 
250 |a 1a. ed 
300 |a 302 p 
942 |c BK 
945 |d 20070413 00:00:00  |a lvergara 
260 |a Madrid  |b Biblioteca Nueva, Universitat de València  |c 2002 
650 0 |a Revoluciones  |9 255713 
650 7 |a MARXISMO  |2 CL-VaPUC  |9 520001 
650 0 |a Fascismo  |9 255687 
650 7 |a POLITICA SIGLO 20  |2 CL-VaPUC  |9 329521 
583 |a last modification  |c 20180226 01:15:56  |k Rodrigo Vera 
490 0 |a Colección Historia, Biblioteca Nueva-Universitat de Valencia, 18 
999 |c 325274  |d 325272 
952 |0 0  |1 0  |4 0  |6 335_001000000000000_JAM_2002  |7 0  |8 A  |9 405914  |a BIBHIS  |b BIBHIS  |d 2019-11-22  |i 4329163  |o 335.001 JAM 2002  |p 4329163  |r 2025-01-20  |w 2019-11-22  |y BK  |k HIS